دول أمريكا الشمالية بأعلامها - Statistics

الإحصائيات العامة
  • هذا الإختبار تم الخضوع له 240 مره
  • الدرجة المتوسطة هي 7 من 23
إحصائيات الإجابة
Picture Answer % صحيح
المكسيك
98%
كندا
98%
الولايات المتحدة الأمريكية
96%
جمايكا
67%
كوبا
43%
بنما
43%
كوستا ريكا
35%
بربادوس
30%
هندوراس
30%
هايتي
24%
جواتيمالا
22%
بليز
20%
باهاماس
19%
دومينيكا
18%
سانت لوسيا
15%
جمهورية الدومينيكان
15%
ترينيداد و توباغو
14%
سانت كيتس و نيفيس
13%
السالفادور
11%
جرينادا
11%
نيكراجوا
10%
سانت فينسنت والغرينادين
9%
أنتيغوا و باربودا
8%
No matching quizzes found
توزيع النقاط
نسبة الأشخاص لكل درجة
النسبة وفقا للأرقام
سجل النقاط الخاصة بك
لم تضخع لهذا الإختبار